All Schiphol Flights on November 19th (2/2) - Statistics

General Stats
  • This quiz has been taken 28 times
  • The average score is 121 of 139
Answer Stats
Planned Country Airline Answer % Correct
19:25 Spain Vueling Barcelona
100%
20:55 Spain KLM Barcelona
100%
21:30 Spain Vueling Barcelona
100%
19:40 Denmark KLM Copenhagen
100%
20:15 Denmark Scandinavian Copenhagen
100%
21:10 Denmark KLM Copenhagen
100%
19:00 Finland Finnair Helsinki
100%
20:40 Finland KLM Helsinki
100%
19:20 United Kingdom easyJet London
100%
19:30 United Kingdom KLM London
100%
19:35 United Kingdom British Airways London
100%
19:35 United Kingdom easyJet London
100%
20:30 United Kingdom KLM London
100%
20:35 United Kingdom easyJet London
100%
21:05 United Kingdom easyJet London
100%
21:20 United Kingdom easyJet London
100%
21:25 United Kingdom British Airways London
100%
21:40 United Kingdom British Airways London
100%
21:50 United Kingdom British Airways London
100%
19:00 Spain Air Europa Madrid
100%
19:25 Spain Iberia Express Madrid
100%
20:45 Spain KLM Madrid
100%
19:35 Kenya Kenya Airways Nairobi
100%
19:05 Norway Scandinavian Oslo
100%
20:40 Norway KLM Oslo
100%
19:10 France Air France Paris
100%
20:25 France Air France Paris
100%
19:40 Estonia AirBaltic Tallinn
100%
19:45 Poland LOT Warsaw
100%
21:30 Poland KLM Warsaw
100%
21:45 Belgium KLM Brussels
96%
21:05 Hungary KLM Budapest
96%
21:00 Argentina KLM Buenos Aires
96%
22:00 United Arab Emirates Emirates Dubai
96%
20:20 Ireland Aer Lingus Dublin
96%
21:25 Ireland Ryanair Dublin
96%
21:25 Ireland KLM Dublin
96%
19:35 Germany Lufthansa Frankfurt
96%
21:20 Germany KLM Frankfurt
96%
21:25 Luxembourg KLM Luxembourg
96%
20:10 United Kingdom KLM Manchester
96%
21:30 United Kingdom easyJet Manchester
96%
21:45 United Kindgom KLM Manchester
96%
20:50 Czechia KLM Prague
96%
21:25 Iceland Icelandair Reykjavik
96%
19:10 Latvia AirBaltic Riga
96%
21:00 Italy KLM Rome
96%
21:00 Chile KLM Santiago
96%
19:45 South Korea Korean Air Seoul/ Incheon
96%
20:35 South Korea KLM Seoul/ Incheon
96%
21:10 Singapore KLM Singapore
96%
19:30 Sweden Scandinavian Stockholm
96%
19:40 Sweden Norwegian Stockholm
96%
20:55 Sweden KLM Stockholm
96%
21:40 Sweden Scandinavian Stockholm
96%
20:00 Austria Austrian Airlines Vienna
96%
21:00 Austria KLM Vienna
96%
20:00 Switzerland Swiss Zurich
96%
21:00 Switzerland KLM Zurich
96%
20:55 United Arab Emirates Etihad Abu Dhabi
92%
20:55 Greece KLM Athens
92%
20:35 China China Southern Beijing
92%
21:05 Serbia Air Serbia Belgrade
92%
21:20 Serbia KLM Belgrade
92%
21:10 Norway KLM Bergen
92%
19:45 Romania Tarom Bucharest
92%
20:45 Romania KLM Bucharest
92%
20:35 Ireland Aer Lingus Cork
92%
21:05 Ireland KLM Cork
92%
21:10 Indonesia KLM Denpasar
92%
21:40 United Kingdom KLM Edinburgh
92%
21:50 United Kingdom easyJet Edinburgh
92%
21:05 Switzerland easyJet Geneva
92%
21:10 Switzerland KLM Geneva
92%
21:25 United Kingdom KLM Glasgow
92%
20:15 Germany Eurowings Hamburg
92%
20:40 Germany KLM Hamburg
92%
22:20 Turkey Turkish Airlines Istanbul
92%
20:35 Indonesia KLM Jakarta
92%
20:35 Malaysia KLM Kuala Lumpur
92%
21:10 Portugal KLM Lisbon
92%
20:05 Philippines KLM Manila
92%
19:50 Italy ITA Milan
92%
20:55 Italy easyJet Milan
92%
21:20 Italy KLM Milan
92%
19:50 Germany Lufthansa Munich
92%
20:35 Germany KLM Munich
92%
20:35 France KLM Nice
92%
20:35 France KLM Nice
92%
20:05 Taiwan KLM Taipei
92%
21:30 Israel El Al Tel Aviv
92%
19:50 Germany KLM Berlin
88%
20:40 Germany KLM Berlin
88%
21:35 Germany easyJet Berlin
88%
21:00 Poland KLM Krakow
88%
19:55 Spain Ryanair Malaga
88%
20:35 Portugal KLM Porto
88%
21:20 United Kingdom easyJet Bristol
83%
22:40 United Kingdom KLM Bristol
83%
20:50 Poland KLM Gdansk
83%
22:40 United Kingdom KLM Leeds/ Bradford
83%
21:30 United Kingdom easyJet Liverpool
83%
21:00 France KLM Toulouse
83%
20:40 Italy KLM Venice
83%
21:40 Italy easyJet Venice
83%
21:00 Croatia KLM Zagreb
83%
20:50 Switzerland KLM Basel
79%
20:35 Spain KLM Bilbao
79%
21:00 United Kingdom KLM Birmingham
79%
21:20 United Kingdom KLM Cardiff
79%
21:20 Germany KLM Dusseldorf
79%
21:00 Italy KLM Florence
79%
20:45 France KLM Marseille
79%
22:40 United Kingdom KLM Newcastle
79%
20:35 Spain KLM Valencia
79%
20:40 France KLM Bordeaux
75%
21:20 Germany KLM Stuttgart
75%
21:20 Italy KLM Bologna
71%
19:45 Morocco Air Arabia Maroc Fez
71%
20:50 Sweden KLM Gothenburg
71%
21:40 China China Southern Guangzhou
71%
20:40 France KLM Nantes
71%
20:40 Norway KLM Trondheim
71%
20:55 Italy KLM Turin
71%
21:30 Poland KLM Wroclaw
71%
21:05 Denmark KLM Aalborg
67%
21:20 United Kingdom KLM Aberdeen
63%
21:10 Norway KLM Stavanger
63%
21:35 Denmark KLM Billund
58%
21:05 Germany KLM Hanover
58%
20:40 Germany KLM Nuremberg
58%
21:00 Germany KLM Bremen
54%
19:40 Finland AirBaltic Tampere
54%
20:30 Norway KLM Kristiansand
38%
20:55 Sweden KLM Linkoping
38%
21:20 United Kingdom KLM Norwich
38%
21:00 Norway KLM Sandefjord
29%
21:40 United Kingdom KLM Humberside
25%
21:40 United Kindgom KLM Teesside
25%
No matching quizzes found
Score Distribution
Percent of People with Each Score
Percentile by Number Answered
Your Score History
You have not taken this quiz